Hra farieb a tvarov Za kultúrou do kaviarne

Bibliographic Details
Main Author: (mp) (Author)
Corporate Author: Trigon cafe (kaviareň), Košice (Author)
Format: Article
Language:Slovak
Subjects:

MARC

LEADER 00000nab a2200000 a 4500
001 vtls000918081
003 SK-MaSNL
005 20260305044549.0
008 040720e19930813xo 0 slo
035 |a KE26958 
040 |a KEVKJB  |b slo  |c KEVKJB  |e AACR2 
041 0 |a slo 
044 |a xo  |c SK 
080 |a 75.071.1  |2 1981 
080 |a 061.4  |2 1981 
080 |a 929  |2 1981 
100 0 |a (mp)  |4 aut  |9 841174 
245 1 0 |a Hra farieb a tvarov  |b Za kultúrou do kaviarne 
590 |a Vojčíková, Alica 1948-,  |b maliarka z Rožňavy 
600 1 7 |a Vojčíková-Gabzdilová, Alica,  |d 1948-2010,  |2 KEVKJB  |9 190742 
610 2 7 |a Trigon cafe (kaviareň), Košice  |2 KEVKJB  |9 1627927 
650 0 7 |a tvorba  |2 KEVKJB  |9 287368 
650 0 7 |a výstavy  |2 KEVKJB  |9 2780 
650 0 7 |a priebeh  |2 KEVKJB  |9 29559 
650 0 7 |a informácie  |2 KEVKJB  |9 1285 
651 7 |a KE,  |2 KEVKJB  |9 877256 
655 7 |a periodikum  |2 snkbucl  |9 29553 
710 2 |a Trigon cafe (kaviareň), Košice  |4 aut  |9 1627927 
773 0 8 |t Lúč  |g Roč. 2, č.187, 13.8.1993, s. 6 
852 |a ZVYKNI  |b KIS3GCP 
999 |c 3359339  |d 3361269